| Tag |
First Indicator |
Second Indicator |
Subfields |
| LEADER |
00000cam a2200000 a 4500 |
| 001 |
in00001653913 |
| 005 |
20190511063056.0 |
| 008 |
830728s1983 ru b 000 0 ruso |
| 010 |
|
|
|a 83178769
|
| 020 |
|
|
|c 0.55rub
|
| 035 |
|
|
|a (OCoLC)ocm10876369
|
| 040 |
|
|
|a DLC
|c DLC
|d TXA
|d UtOrBLW
|
| 043 |
|
|
|a e-ur---
|
| 049 |
|
|
|a TXAM
|
| 050 |
0 |
0 |
|a PG2740
|b .U8 1983
|
| 100 |
1 |
|
|a Uspenskiĭ, B. A.
|q (Boris Andreevich)
|
| 245 |
1 |
0 |
|a I︠A︡zykovai︠a︡ situat︠s︡ii︠a︡ Kievskoĭ Rusi i ee znachenie dli︠a︡ istorii russkogo literaturnogo i︠a︡zyka :
|b [doklad na IX Mezhdunarodnom sʺezde slavistov, Kiev, 1983 g.] /
|c B.A. Uspenskiĭ.
|
| 264 |
|
1 |
|a Moskva :
|b Izd-vo Moskovskogo universiteta,
|c 1983.
|
| 300 |
|
|
|a 143 pages ;
|c 22 cm.
|
| 336 |
|
|
|a text
|b txt
|2 rdacontent
|
| 337 |
|
|
|a unmediated
|b n
|2 rdamedia
|
| 338 |
|
|
|a volume
|b nc
|2 rdacarrier
|
| 504 |
|
|
|a Bibliography: pages 120-142.
|
| 536 |
|
|
|a From the Library of Professor Horace G. Lunt. October 2000.
|
| 650 |
|
0 |
|a Russian language
|y To 1300
|x History.
|
| 650 |
|
0 |
|a Russian language
|y 1300-1700
|x History.
|
| 650 |
|
0 |
|a Church Slavic language
|x East Slavic recension.
|
| 650 |
|
0 |
|a Church Slavic language
|x Russian recension.
|
| 650 |
|
0 |
|a Church Slavic language
|x Ukrainian recension.
|
| 650 |
|
0 |
|a Diglossia (Linguistics)
|z Kievan Rus
|x History.
|
| 650 |
|
0 |
|a Bilingualism
|z Kievan Rus
|x History.
|
| 711 |
2 |
|
|a International Congress of Slavists
|n (9th :
|d 1983 :
|c Kiev, Ukraine)
|
| 948 |
|
|
|a cataloged
|b h
|c 2001/12/5
|d c
|e spoltoratski
|f 10:47:35 am
|
| 994 |
|
|
|a E0
|b TXA
|
| 999 |
|
|
|a MARS
|
| 999 |
f |
f |
|s 8d610c99-2199-31e4-bcc6-310ea40c198f
|i 76b80fc5-d2f1-32a5-b971-1ee48d3acb9a
|t 0
|
| 952 |
f |
f |
|p ric
|a Texas A&M University
|b Rellis Campus
|c Joint Library Facility
|s JLF
|d Remote Storage
|t 0
|e PG2740 .U8 1983
|h Library of Congress classification
|i unmediated -- volume
|m A14828488693
|
| 998 |
f |
f |
|a PG2740 .U8 1983
|t 0
|l Remote Storage
|